00992nam a2200265Ia 4500003000400000005001700004008004100021020001500062040001800077041000800095082002100103100002800124245008200152250001200234260004900246300002700295650007400322650006000396650004000456700003100496700003200527942003400559999001900593952011400612OSt20230717105105.0210716s2000 xx 000 0 und d a8126501081 cAIMIT LIBRARY aeng a004.77 21bEDDS aEddy, Sandra E.9127297 aTeach yourself microsoft active server pages 3 /cBy Sandra E Eddy...[et.al]. a1st ed. aNew Delhi :c2000.bIDG Books India Pvt.Ltd. axx,583p. ;bPBc24 cm. aSetting up windows nt and internet information server for ASP9127298 aBuilding the underlying structure of a document9127299 aAdding scripts to documents9127300 aSt.Laurent, Simon.9127301 aKallmeyer, W Scott.9127302 2ddccBKe1st ed.k004.77 EDDS c184017d184017 00102ddc40708MCAaAIMITbAIMITd2021-07-16l0o004.77 EDDSpMCA03525r2025-07-21 00:00:00w2021-07-16yBK